| 000 | 00406nam a22001337a 4500 | ||
|---|---|---|---|
| 008 | 230619b xxu||||| |||| 00| 0 eng d | ||
| 020 | _a1843695375 | ||
| 082 |
_a304.83 _bCOT |
||
| 100 | _cLorenzo Cotula and Camilla Toulmin | ||
| 245 |
_aTill to Tiller _bInternational Migration, remittances and Land rights in West Africa _cissue paper no.132 |
||
| 260 | _cNovember 2004 | ||
| 300 | _a92p | ||
| 942 |
_2ddc _cBK |
||
| 999 |
_c1370 _d1370 |
||